|
|
|
|
| LEADER |
00000naa a2200000uu 4500 |
| 001 |
vtls011034999 |
| 003 |
SK-MaSNL |
| 005 |
20260302124942.0 |
| 008 |
210907|2013 xo |||||||||||||||||slo| |
| 015 |
|
|
|a SNBRA
|
| 035 |
|
|
|a (urnnbn)urn:nbn:sk:snk:ar-008tbk
|
| 035 |
|
|
|a (uuid)1d945811-5790-40cd-91ac-f33daa5a6bde
|
| 035 |
|
|
|a urn:nbn:sk:snk-aaup3x
|
| 040 |
|
|
|a SNKBUCL
|b slo
|c SNKBUCL
|e AACR2
|
| 041 |
0 |
|
|a slo
|
| 044 |
|
|
|a xo
|c SK
|
| 100 |
1 |
|
|a Puciová, Katarína
|4 aut
|9 811516
|
| 245 |
1 |
0 |
|a Ohrozenie virtuálneho sveta
|c Katarína PUCIOVÁ
|
| 773 |
0 |
|
|t "Prevencia kriminality - výzva spoločnosti"
|d Bratislava : Akadémia Policajného zboru, 2013
|g S. 30-34
|z 9788080545642
|
| 958 |
|
|
|a OND
|
| 958 |
|
|
|a article12
|
| 958 |
|
|
|a chapter
|
| 999 |
|
|
|c 1290949
|d 1292879
|